01411cam a22003734i 4500003000900000005001700009008004100026020001500067035002700082040003300109082002400142245006900166264007800235300005600313336002100369337002500390338002300415490004800438504004800486505031100534526001000845526001000855526001000865526001000875526000800885526000800893526000800901526000800909526000800917526000800925526000800933630006200941700003401003PE-LiUPU20250731173031.0150623s1989 mdua rb 000 0 eng d a0925675032 a(Sirsi) i9780925675033 aPE-LiUPUbspacPE-LiUPUerda04a227.870 66bI4422100aIssues in the book of Hebrews /cEditado por Frank B. Hoolbrook. 1aHagerstown, Maryland :bReview and Herald Publishsing Association,c1989. a237 páginas :bilustraciones ;c23 centímetros. atext2rdacontent aunmediated2rdamedia avolume2rdacarrier0 aDaniel and Revelation Committee Series ;v4 aIncluye bibliografía al pie de páginas.0 aDaniel and revelation committee report -- Hebrews -- The heavenly sanctuary-figurative or real? -- An exegesis of selected passages -- Defilement/purification and Hebrews 9:23 -- Day of atonement allusions -- Typology in the book of Hebrews -- Antithetical or correspondece typology? -- Sanctuary theology. aSEG42 aSEG41 aSEG40 aSEG39 aP94 aP87 aP86 aP85 aP77 aP76 aP35 aBiblia.pN.T.pHebreosxCrítica, interpretación, etc.1 aHoolbrook, Frank B.,eeditor.